000 00552nam a2200205Ia 4500
005 20260415173411.0
008 008 250505s9999 xx 000 0 eng d
020 _a978-1-5297-2671-8
037 _aTextBook
040 _aFEDL
_beng
_cFEDL
041 _aeng
_2eng
084 _a380.7 GUP/R
_qFEDL
100 _aGupta Rainu
_9777253
245 0 _aPedagogy of commerce
260 _aDelhi, India
_bShipra
_c2023
300 _ax, 358p.
365 _aINR
_b1950
942 _cTB
_h380.7 GUP/R
999 _c1400037
_d1400037